Asian 'U' Countries Quiz Stats

Quiz Updated Mar 21, 2016

Challenge
Share
Tweet
Embed
Score 0/10 Timer 02:00
9 Plays Today
Asian 'U' Country % Correct
Uzbekistan
92%
Russia
82.9%
Turkmenistan
80.6%
Turkey
79.9%
Saudi Arabia
79.9%
United Arab Emirates
76.2%
Bhutan
73.7%
South Korea
67.4%
Kuwait
66.7%
Brunei
58.2%

You're not logged in!

Compare scores with friends on all Sporcle quizzes.
Sign Up with Email
OR
Log In

You Might Also Like...

Show Comments

Extras

Top Quizzes Today


Score Distribution

Your Account Isn't Verified!

In order to create a playlist on Sporcle, you need to verify the email address you used during registration. Go to your Sporcle Settings to finish the process.